Silent night / (Record no. 113445)
[ view plain ]
| 000 -LEADER | |
|---|---|
| fixed length control field | 00529nam a2200169 a 4500 |
| 001 - CONTROL NUMBER | |
| control field | 4083 |
| 005 - DATE AND TIME OF LATEST TRANSACTION | |
| control field | 20140414132020.0 |
| 008 - FIXED-LENGTH DATA ELEMENTS--GENERAL INFORMATION | |
| fixed length control field | 081222s19uu xx 00 eng d |
| 020 ## - INTERNATIONAL STANDARD BOOK NUMBER | |
| International Standard Book Number | 0-439-42591-3 |
| 050 ## - LIBRARY OF CONGRESS CALL NUMBER | |
| Classification number | TR |
| Item number | SI3 2002 |
| 100 ## - MAIN ENTRY--PERSONAL NAME | |
| Personal name | May, Darcy. |
| 245 ## - TITLE STATEMENT | |
| Title | Silent night / |
| Statement of responsibility, etc | illustrated by Darcy May. |
| 260 ## - PUBLICATION, DISTRIBUTION, ETC. (IMPRINT) | |
| Place of publication, distribution, etc | New York : |
| Name of publisher, distributor, etc | Scholastic, |
| Date of publication, distribution, etc | 2002. |
| 300 ## - PHYSICAL DESCRIPTION | |
| Extent | 1 v. (unpaged) : col. ill., mu |
| 520 ## - SUMMARY, ETC. | |
| Summary, etc | An illustrated version of the well-known German Christmas hymn celebrating the birth of Christ. |
| Withdrawn status | Lost status | Damaged status | Use restrictions | Home library | Current library | Shelving location | Date acquired | Source of acquisition | Cost, normal purchase price | Total Checkouts | Full call number | Barcode | Date last seen | Price effective from | Koha item type |
|---|---|---|---|---|---|---|---|---|---|---|---|---|---|---|---|
| Munich Library | Munich Library | Teachers Reference Section | 12/22/2008 | 155.00 | TR SI3 2002 | M5014 | 04/14/2014 | 04/14/2014 | Books |